banner-ar

الشركات النفطية العالمية / (Record no. 37106)

MARC details
000 -الفاتح
حقل البيانات ثابتة الطول 00663nam a2200217Ia 4500
008 - عناصر البيانات ثابتة الطول - معلومات عامة
حقل البيانات ثابتة الطول 140319s9999 xx 000 0 ara d
040 ## - مصدر الفهرسة
وكالة الفهرسة الأصلية GCL /
وكالة النسخ GCL
082 04 - رقم تصنيف ديوى العشرى
رقم التصنيف 622.18282
رقم المادة م ش
100 1# - المدخل الرئيسى - إسم شخصى
الإسم الشخصى رشاد مهدى هاشم (مترجم)
245 10 - بيان العنوان
العنوان الشركات النفطية العالمية /
بيان المسئوليه,etc رشاد مهدى هاشم (مترجم)
700 1# - المدخل الاضافى - اسم شخصى
الإسم الشخصى فيج، ميلا
700 1# - المدخل الاضافى - اسم شخصى
الإسم الشخصى بلوشار
260 ## - PUBLICATION, DISTRIBUTION, ETC. (IMPRINT)
تاريخ النشر أو التوزيع 1985
300 ## - الوصف المادى
التعداد 110
490 ## - بيان السلسلة
عنوان السلسلة
650 04 - المدخل الاضافى بالموضوع-مصطلح موضوعى
مصطلح موضوعي البترول
650 04 - المدخل الاضافى بالموضوع-مصطلح موضوعى
مصطلح موضوعي التنقيب عن الاثار
650 04 - المدخل الاضافى بالموضوع-مصطلح موضوعى
مصطلح موضوعي التنقيب عن البترول
942 ## - عناصر المدخل الإضافي( كوها)
مصدر التصنيف او مخطط الترفيف Dewey Decimal Classification
Koha [default] item type كتاب
260 ## - PUBLICATION, DISTRIBUTION, ETC. (IMPRINT)
-- [S.N] :
-- جامعة الموصل ،
Holdings
حالة التراجع حالة الفقد حالة تلف ليس للاعارة المكان المؤقت الموقع الحالى تاريخ الاكتساب اجمالي اﻻعارات رقم الطلب الباركود تاريخ اخر مشاهدة تاريخ تفعيل السعر نوع وعاء كوها
        مكتبة القاهرة الكبرى مكتبة القاهرة الكبرى 03/26/2014   622.18282\م ش 90272 03/26/2014 03/26/2014 كتاب

Powered By

EGPV